| 000 | 02158cam a22004574i 4500 | ||
|---|---|---|---|
| 003 | PE-LiUPU | ||
| 005 | 20250731173126.0 | ||
| 008 | 150623s r 000 0 d | ||
| 035 | _a(Sirsi) a25935 | ||
| 040 |
_aPE-LiUPU _bspa _cPE-LiUPU _erda |
||
| 082 | 0 | 4 |
_a263.1 _bB12 _221 |
| 100 | 1 |
_aBacchiocchi, Samuele, _eautor. |
|
| 245 | 1 | 4 |
_aThe sabbath in the New Testament : _banswers to questions / _cSamuele Bacchiocchi. |
| 250 | _b | ||
| 264 | 1 |
_aBerrien Springs, Michigan : _bBiblical Perspectives, _c1986. |
|
| 300 |
_a275 páginas : _bilustraciones gráfs ; _c21 cm. |
||
| 336 |
_atext _2rdacontent |
||
| 337 |
_aunmediated _2rdamedia |
||
| 338 |
_avolume _2rdacarrier |
||
| 490 | 0 |
_aBiblical Perspectives ; _v5 |
|
| 504 | _aIncluye bibliografía. | ||
| 505 | 0 | _aViews on the sabbath in the New Testament. Three views on the sabbath in the New Testament. Reasons for the permanence of sabbathkeeping: Continuity between judaism and christianity. The creation sabbath in the New Testament. The redemptive meaning of the sabbath in the New Testament. Sabbathkeeping in the New Testament. Paul and the sabbath: Paul and the law. Paul and the sabbath. Answers to questions. Questions about the sabbath in the Old Testament. Questions about the sabbath in the New Testament. Questions aboutsabbathkeeping today. Our favorite sabbath recipes. Books by the same author. Sábado bíblico-Preguntas y respuestas. | |
| 526 | _aSEG42 | ||
| 526 | _aSEG41 | ||
| 526 | _aSEG40 | ||
| 526 | _aSEG39 | ||
| 526 | _aP94 | ||
| 526 | _aP87 | ||
| 526 | _aP86 | ||
| 526 | _aP85 | ||
| 526 | _aP77 | ||
| 526 | _aP76 | ||
| 526 | _aP35 | ||
| 650 | 0 | 4 | _aSábado bíblico en el N. T. |
| 650 | 0 | 4 | _aRecetas de cocina para el sábado. |
| 942 |
_2ddc _cBOOK |
||
| 949 |
_a263.1 B12 _wDEWEY _c1 _i51206 _lCCODEBUL1 _mBUL _p10.00 _r0 _sY _tBOOK _u2015-06-24 _xTEOLOGIA _PP35 _0COMPRA _o.STAFF. Colección General |
||
| 596 | _a1 | ||
| 999 |
_a263.1 B12 _wDEWEY _c32911 _i51206 _f2021-11-10 _g5 _lCCODEBUL1 _mBUL _p10.00 _r0 _sY _tBOOK _u2015-6-24 _xTEOLOGIA _PP35 _0COMPRA _o.STAFF. Colección General _d32911 |
||
| 980 |
_81 _gALBERTO SANCHEZ Responsable de Automatización |
||